Capitals of Europe - Statistics

General Stats
  • This quiz has been taken 138 times
    126 since last reset
  • The average score is 34 of 44
Answer Stats
Country Capital % Correct
Austria Vienna
94%
Andorra Andorra La Vella
92%
Germany Berlin
90%
Spain Madrid
90%
France Paris
90%
Belgium Brussels
89%
Ireland Dublin
89%
United Kingdom London
89%
Italy Rome
89%
Greece Athens
87%
Ukraine Kyiv
87%
Russia Moscow
87%
Norway Oslo
87%
Vatican City Vatican City
87%
Portugal Lisbon
86%
Netherlands Amsterdam
84%
Luxembourg Luxembourg
84%
Monaco Monaco
84%
Poland Warsaw
83%
Denmark Copenhagen
81%
Finland Helsinki
81%
San Marino San Marino
81%
Sweden Stockholm
81%
Croatia Zagreb
81%
Iceland Reykjavik
79%
Bulgaria Sofia
79%
Hungary Budapest
78%
Czech Republic Prague
78%
Switzerland Bern
76%
Belarus Minsk
75%
Albania Tirana
73%
Romania Bucharest
71%
Bosnia and Herzegovina Sarajevo
70%
Latvia Riga
68%
Estonia Tallinn
67%
Serbia Belgrade
60%
Slovakia Bratislava
60%
North Macedonia Skopje
60%
Lithuania Vilnius
59%
Slovenia Ljubljana
56%
Malta Valletta
56%
Moldova Chisinau
54%
Liechtenstein Vaduz
51%
Montenegro Podgorica
48%
No matching quizzes found
Score Distribution
Percent of People with Each Score
Percentile by Number Answered
Your Score History
You have not taken this quiz since the last reset